000 00750cam a22002411 4500
001 e 13001289
003 DLC
005 20260227111200.0
008 871216s1913 ncu s000 0 eng
010 _ae 13001289
035 _a(OCoLC)17248170
040 _aDLC
_cAU
_dDLC
042 _apremarc
050 0 0 _aLB7
_b.A22
051 _aLB7
_b.A4
245 0 0 _aAddresses on education for use in declaiming, essay writing, and reading.
260 _aChapel Hill, N.C.,
_bThe University,
_c1913.
300 _a120 p.
_c23 cm.
490 0 _aUniversity of North Carolina record, April, 1913,
_vno. 108. Extension ser. no. 2
500 _aCover title.
500 _a"Ed. by Professors L. R. Wilson and H. W. Chase."--p. 6.
650 0 _aEducation.
999 _c19532
_d19532